000 00321nam a22001457a 4500
003 SGT
082 _a617.643
_bD23E
100 _aEkta
245 _aDistraction Osteogenesis
260 _aGurugram, Haryana
_bSGT University
_c2023
300 _a37
650 _aOrthodontics
653 _aOsteogenesis
942 _2ddc
_cTH
999 _c25614
_d25614